LEADER 01261nam a2200325 i 4500 001 991003148719707536 005 20020509113003.0 008 960716s1986 it ||| | ita 020 $a8817165751 035 $ab11115956-39ule_inst 035 $aPARLA175940$9ExL 040 $aDip.to Scienze dell'Antichità$bita 082 0 $a355 100 1 $aLuttwak, Edward$029202 245 13$aLa grande strategia dell'impero romano :$bdal 1. al 3. secolo d. C. /$cEdward N. Luttwak ; traduzione di Pierangela Diadori 260 $aMilano :$bBiblioteca universale Rizzoli,$c1986 300 $a342 p., [8] c. di tav. :$bill. ;$c18 cm. 440 2$aI tascabili della BUR L ;$v575 490 0 $aCollana storica Rizzoli 650 4$aEsercito romano$ySec. 1.-3. 650 4$aEsercito romano--Sec. 1.-3 650 4$aImpero romano$xStoria militare$ySec. 1.-3. 650 4$aStrategia$ySec. 1.-3. 700 1 $aDiadori, Pierangela 907 $a.b11115956$b23-02-17$c28-06-02 912 $a991003148719707536 945 $aLE007 937 LUT 01.01$g1$i2007000074077$lle007$o-$pE0.00$q-$rl$s- $t0$u4$v0$w4$x0$y.i11253162$z28-06-02 996 $aGrande strategia dell'Impero romano$9300959 997 $aUNISALENTO 998 $ale007$b01-01-96$cm$da $e-$fita$git $h3$i1 LEADER 04750nam 22007213u 450 001 9911006706303321 005 20260220103427.0 010 $a1-280-37208-7 010 $a9786610372089 010 $a1-84569-015-X 010 $a1-59124-730-6 035 $a(CKB)1000000000000278 035 $a(EBL)1640238 035 $a(SSID)ssj0000072703 035 $a(PQKBManifestationID)11123442 035 $a(PQKBTitleCode)TC0000072703 035 $a(PQKBWorkID)10102445 035 $a(PQKB)10353434 035 $a(MiAaPQ)EBC1640238 035 $a(EXLCZ)991000000000000278 100 $a20140303d1999|||| u|| | 101 0 $aeng 135 $aur|n|---||||| 181 $ctxt 182 $cc 183 $acr 200 10$aPhysical Testing of Textiles 210 $aBurlington $cElsevier Science$d1999 215 $a1 online resource (322 p.) 225 1 $aWoodhead Publishing Series in Textiles 300 $aDescription based upon print version of record. 311 08$a1-85573-367-6 327 $aFront Cover; Physical Testing of Textiles; Copyright Page; Table of Contents; Preface; Acknowledgements; Chapter 1. Introduction; 1.1 Reasons for textile testing; 1.2 Standardisation of testing; 1.3 Sampling; 1.4 Measurement; General reading; References; Chapter 2. Textiles and moisture; 2.1 Introduction; 2.2 Effect of moisture on physical properties; 2.3 Atmospheric moisture; 2.4 Regain and moisture content; 2.5 Correct invoice weight; 2.6 Control of testing room atmosphere; References; Chapter 3. Fibre dimensions; 3.1 Fibre fineness; 3.2 Fineness measurement; 3.3 Fibre length 327 $a3.4 Methods of measurement: direct methods3.5 Methods of measurement: tuft methods; 3.6 High-volume instruments; General reading; References; Chapter 4. Yam tests; 4.1 Linear density; 4.2 Twist; 4.3 Yarn evenness; 4.4 Hairiness; 4.5 Yarn bulk; 4.6 Friction; References; Chapter 5. Strength and elongation tests; 5.1 Introduction; 5.2 Definitions; 5.3 Force elongation curve; 5.4 Factors affecting tensile testing; 5.5 Fibre strength; 5.6 Yarn strength; 5.7 Fabric strength; 5.8 Tear tests; 5.9 Bursting strength; 5.10 Stretch and recovery properties; 5.11 Seam strength; General reading; References 327 $aChapter 6. Dimensional stability6.1 Introduction; 6.2 Methods of measuring dimensional stability; General reading; References; Chapter 7. Serviceability; 7.1 Introduction; 7.2 Snagging; 7.3 Pilling; 7.4 Abrasion resistance; 7.5 Wearer trials; References; Chapter 8. Comfort; 8.1 Introduction; 8.2 Thermal comfort; 8.3 Moisture transport; 8.4 Sensorial comfort; 8.5 Water absorption; 8.6 Water repellency; References; Chapter 9. Colour fastness testing; 9.1 Introduction; 9.2 Outline of colour fastness tests; References; Chapter 10. Objective evaluation of fabric handle; 10.1 Handle 327 $a10.2 Kawabata system10.3 FAST: Fabric Assurance by Simple Testing; General reading; References; Chapter 11. Quality; 11.1 Definitions of quality; 11.2 Types of quality; 11.3 Quality control; 11.4 Quality assurance; 11.5 ISO 9000; 11.6 Textile product labelling; References; Appendix: Conversion factors; Index 330 $aThis book examines the physical testing of textiles in the form of fibre, yarn and fabric, the emphasis throughout eing on standard and reproducible tests. After an introductory explanation of sampling and measurement, the author explores the effects of moisture on textiles, then goes on to discuss fibre dimension, yarn tests for linear density, twist, evenness and hairiness, tensile strength, and dimensional stability and serviceability. Also covered are aspects of comfort and fabric handle, colour fastness and quality assurance. The book's comprehensive coverage of the physical properties of 410 0$aWoodhead Publishing Series in Textiles 517 $aWoodhead Publishing Series in Textiles 606 $aTextile fabrics -- Testing 606 $aTextile industry 606 $aYarn 606 $aTextile fabrics$xTesting 606 $aMechanical Engineering$2HILCC 606 $aEngineering & Applied Sciences$2HILCC 606 $aIndustrial & Management Engineering$2HILCC 615 4$aTextile fabrics -- Testing. 615 4$aTextile industry. 615 4$aYarn. 615 0$aTextile fabrics$xTesting. 615 7$aMechanical Engineering 615 7$aEngineering & Applied Sciences 615 7$aIndustrial & Management Engineering 676 $a677 700 $aSaville$b B. P$0479044 712 02$aTextile Institute (Manchester, England) 801 0$bAU-PeEL 801 1$bAU-PeEL 801 2$bAU-PeEL 906 $aBOOK 912 $a9911006706303321 996 $aPhysical testing of textiles$9262110 997 $aUNINA